Culture Générale - Série 1710 - Statistiques

Statistiques générales
  • Ce quiz a été pris 108 fois
  • Le résultat moyen est 4 sur 10
Statistiques - réponses
Question Réponse % Correct
Quelle est la capitale de Cuba ? La Havane
90%
Quel mot désigne à la fois un ensemble de clés et le linge que recevait autrefois une jeune mariée ? trousseau
84%
Quelle ancienne capitale du Velay est le chef-lieu du département de la Haute-Loire ? Le Puy-en-Velay
55%
Quel terme désigne la pellicule de peau qui protège l'ongle à sa base et le préserve des infections ? cuticule
51%
En 2010, quel inoubliable adjudant tropézien est à l'affiche du film "Poison violent" aux côtés de Lio ? Michel Galabru
45%
Quelle chanteuse interprète le titre "Ne sois pas si bête", en 1963 ? France Gall
26%
Qui sont les deux héros de la B.D. dans laquelle on découvre les Schtroumpfs, en 1958 ? Johan et Pirlouit
25%
Quel était le vrai prénom de France Gall ? Isabelle
18%
Qui a réalisé "Expendables : unité spéciale", le film réunissant Sylvester Stallone, Jet Li, Mickey Rourke et Bruce Willis ? Sylvester Stallone
15%
Quel est le nom de scène, de la chanteuse Fabienne Demal ? Axelle Red
3%
Aucun quiz correspondant
Distribution des résultats
% des personnes avec chaque résultat
Percentile par nombre de réponses
Votre historique - résultats
Vous n’avez pas pris ce quiz